000 01549nam a2200349 i 4500
001 3908245
003 EG-ScBUE
005 20250624083925.0
008 910117t1991 nyua f b 101 0 eng
020 _a088318835X
040 _aEG-ScBUE
_beng
_erda
_cEG-ScBUE
_dEG-ScBUE
082 0 4 _a537.623
_222
_bSUP
245 0 0 _aSuperconductivity and its applications, Buffalo, NY, 1990 /
_ceditors, Yi-Han Kao, Philip Coppens & Hoi-Sing Kwok, University of New York, Buffalo.
264 1 _aNew York :
_bAmerican Institute of Physics,
_c[1991]
264 4 _cc1991
300 _axi, 713 pages :
_billustrations, charts ;
_c25 cm.
336 _2rdacontent
_atext
_btxt
337 _aunmediated
_2rdamedia
_bn
338 _avolume
_bnc
_2rdacarrier
490 0 _aAIP conference proceedings ;
_v219
500 _aPapers from the Fourth Annual Conference on Superconductivity and Applications organized by the New York State Institute on Superconductivity and held at the Buffalo Hilton Hotel on 18-20 September 1990.
504 _aIncludes bibliographical references and index.
650 7 _aSuperconductivity
_xCongresses.
_97874
_2BUEsh
650 7 _aHigh temperature superconductors
_xCongresses.
_97875
_2BUEsh
650 7 _aThin films
_xCongresses.
_97876
_2BUEsh
655 _vReading book
700 1 _aKao, Yi-Han,
_d1931-
_97877
_eeditor.
700 1 _aCoppens, Philip,
_97878
_eeditor.
700 1 _aKwok, Hoi S.,
_97879
_eeditor.
711 2 _aConference on Superconductivity and Applications
_n(4th :
_d1990 :
_cBuffalo, N.Y.)
_97881
942 _2ddc
_cBB
999 _c12300
_d12300